00468nam a2200169Ia 450000500170000000800410001704000190005804100120007708200130008924500520010226000420015430000180019665000200021465100290023470000250026385000100028820230605120642.0131103s9999 xx 000 0 und d aLoreto College aEnglish a938bLIV 4aThe Legacy of Greececedited by R.W.Livingstone aLondonbOxford University Pressc1969 a424 p.b ill. aAncient History aGreece - Ancient History aLivingstone,R.W.,ed. aLCLIB